Una muerte muy dulce
Αποθηκεύτηκε σε:
| Κύριος συγγραφέας: | |
|---|---|
| Μορφή: | Βιβλίο |
| Γλώσσα: | Undetermined |
| Έκδοση: |
México, Distrito Federal
Hermes
[s.f.]
|
| Θέματα: | |
| Ετικέτες: |
Προσθήκη ετικέτας
Δεν υπάρχουν, Καταχωρήστε ετικέτα πρώτοι!
|
MARC
| LEADER | 00000nam a2200000Ia 4500 | ||
|---|---|---|---|
| 008 | 170316s9999 xx 000 0 und d | ||
| 040 | |a cru BVZT | ||
| 090 | |a 840 B-6u | ||
| 100 | |a Beauvoir, Simone de | ||
| 245 | |a Una muerte muy dulce | ||
| 260 | |a México, Distrito Federal | ||
| 260 | |b Hermes | ||
| 260 | |c [s.f.] | ||
| 300 | |a 123 páginas | ||
| 650 | |a LITERATURA FRANCESA | ||
| 999 | |c 7551 |d 7551 | ||
| 942 | |c 15 D |h 840 B-6u |2 z | ||
